000
00325nam a2200133Ia 4500
005
20251222143132.0
008
251222s9999||||xx |||||||||||||| ||spa||
020
_a
978-84-368-2150-5
082
_a
150.1/R81
100
_a
Romo Santos, Manuela
245
0
_a
Epistemología y Psicología
264
_b
Pirámide
942
_c
LIB
999
_c
11975
_d
11975